| 000 | 00394nam a22001217a 4500 | ||
|---|---|---|---|
| 082 | _a200 THE | ||
| 100 |
_aEjaz Farooq _969948 |
||
| 245 | _aTH-SOF-1347-Covert Network Analysis to Detect Key Players using Correlation and Social Network Analysis | ||
| 260 |
_aIslamabad _bNUST College of EME _c2016 |
||
| 650 | _aMS-CSE-12 MSTHESIS | ||
| 700 | _aSupervisor Dr. Shoab Ahmed Khan | ||
| 942 | _cCF | ||
| 999 |
_c577020 _d577020 |
||